[Event "Reykjavik op"]
[Site "Reykjavik"]
[Date "2013.02.21"]
[Round "4"]
[White "Rodriguez Fonseca, Jorge"]
[Black "Wahlbom, Magnus"]
[Result "1-0"]
[WhiteElo "2009"]
[BlackElo "2279"]
[PlyCount "59"]
[EventDate "2013.02.19"]
[EventType "swiss"]
[EventRounds "10"]
[EventCountry "ISL"]
[SourceTitle "CBM 153 Extra"]
[Source "ChessBase"]
[SourceDate "2013.04.22"]
[SourceVersion "1"]
[SourceVersionDate "2013.04.22"]
[SourceQuality "1"]

1. e4 e6 2. Nc3 d5 3. e5 c5 4. d3 Nc6 5. f4 Nh6 6. Nf3 Nf5 7. Ne2 f6 8. c3 Be7 9. g4 Nh6 10. exf6 gxf6 11. g5 Nf7 12. h4 Qd6 13. d4 Bd7 14. Be3 cxd4 15. Nexd4 Nxd4 16. Nxd4 a6 17. Qh5 e5 18. fxe5 fxe5 19. Nb3 Qg6 20. Qf3 Bf5 21. Rh2 0-0-0 22. Rf2 Be6 23. Nc5 Bxc5 24. Bxc5 Nd6 25. Bxd6 Rxd6 26. Qe3 Bd7 27. 0-0-0 Re8 28. Qc5+ Bc6 29. Bh3+ Kb8 30. Bf5 1-0

[Event "Reykjavik op"]
[Site "Reykjavik"]
[Date "2012.03.11"]
[Round "6"]
[White "Sigurdarson, Emil"]
[Black "Rodriguez Fonseca, Jorge"]
[Result "1/2-1/2"]
[WhiteElo "1769"]
[BlackElo "2003"]
[PlyCount "20"]
[EventDate "2012.03.06"]
[EventType "swiss"]
[EventRounds "9"]
[EventCountry "ISL"]
[SourceTitle "CBM 147 Extra"]
[Source "ChessBase"]
[SourceDate "2012.04.24"]
[SourceVersion "1"]
[SourceVersionDate "2012.04.24"]
[SourceQuality "1"]

1. e4 d5 2. exd5 Qxd5 3. Nc3 Qa5 4. d4 Bf5 5. Nf3 Nf6 6. Bc4 e6 7. Bd2 c6 8. 0-0 Bg4 9. a3 Bxf3 10. Qxf3 Qc7 1/2-1/2

[Event "Reykjavik op"]
[Site "Reykjavik"]
[Date "2012.03.10"]
[Round "5"]
[White "Rodriguez Fonseca, Jorge"]
[Black "Edvardsson, Kristjan"]
[Result "0-1"]
[WhiteElo "2003"]
[BlackElo "2217"]
[PlyCount "23"]
[EventDate "2012.03.06"]
[EventType "swiss"]
[EventRounds "9"]
[EventCountry "ISL"]
[SourceTitle "CBM 147 Extra"]
[Source "ChessBase"]
[SourceDate "2012.04.24"]
[SourceVersion "1"]
[SourceVersionDate "2012.04.24"]
[SourceQuality "1"]

1. e4 d6 2. d4 Nf6 3. Nc3 g6 4. f3 c6 5. a4 b6 6. d5 Bg7 7. dxc6 Nxc6 8. Bc4 0-0 9. Nge2 Ne5 10. Bb3 Ba6 11. Nd5 Qd7 12. Nb4 0-1

[Event "Reykjavik op"]
[Site "Reykjavik"]
[Date "2012.03.09"]
[Round "4"]
[White "Fridthjofsdottir, Sigurlaug Regina"]
[Black "Rodriguez Fonseca, Jorge"]
[Result "0-1"]
[WhiteElo "1731"]
[BlackElo "2003"]
[PlyCount "118"]
[EventDate "2012.03.06"]
[EventType "swiss"]
[EventRounds "9"]
[EventCountry "ISL"]
[SourceTitle "CBM 147 Extra"]
[Source "ChessBase"]
[SourceDate "2012.04.24"]
[SourceVersion "1"]
[SourceVersionDate "2012.04.24"]
[SourceQuality "1"]

1. e4 d5 2. exd5 Nf6 3. d4 Bg4 4. Be2 Bxe2 5. Qxe2 Qxd5 6. Nf3 Nbd7 7. c4 Qf5 8. Nc3 0-0-0 9. 0-0 h5 10. Re1 h4 11. h3 e6 12. c5 Rh5 13. b4 g5 14. Ne5 Rh7 15. Nxd7 Nxd7 16. b5 Rg7 17. c6 Nb6 18. cxb7+ Kb8 19. Qe4 g4 20. Qxf5 exf5 21. Bh6 Rg6 22. Bxf8 Rxf8 23. hxg4 Rxg4 24. Kh2 Rfg8 25. Rg1 Rxd4 26. Rad1 Rf4 27. f3 Rb4 28. Rge1 Kxb7 29. Re2 Nc8 30. a4 Nd6 31. Rc1 Rc4 32. Rec2 Rc5 33. Ne2 Rxc2 34. Rxc2 Re8 35. Nf4 Re5 36. Kh3 Nc8 37. Kxh4 Nb6 38. Nd3 Rd5 39. Nc5+ Kc8 40. a5 Nd7 41. Na6 Rxb5 42. Nxc7 Rxa5 43. Ne8+ Kd8 44. Nd6 Rd5 45. Nxf7+ Ke7 46. Ng5 a5 47. Re2+ Re5 48. Rc2 a4 49. Rc3 Nc5 50. f4 Rd5 51. Nf3 Ne4 52. Rc4 Rd6 53. Kh5 Ra6 54. Nd4 Nd6 55. Rc7+ Kf6 56. Rc1 a3 57. Nb3 a2 58. Ra1 Rb6 59. Nd4 Rb1 0-1

[Event "Reykjavik op"]
[Site "Reykjavik"]
[Date "2012.03.07"]
[Round "2"]
[White "Hauksdottir, Hrund"]
[Black "Rodriguez Fonseca, Jorge"]
[Result "0-1"]
[WhiteElo "1627"]
[BlackElo "2003"]
[PlyCount "80"]
[EventDate "2012.03.06"]
[EventType "swiss"]
[EventRounds "9"]
[EventCountry "ISL"]
[SourceTitle "CBM 147 Extra"]
[Source "ChessBase"]
[SourceDate "2012.04.24"]
[SourceVersion "1"]
[SourceVersionDate "2012.04.24"]
[SourceQuality "1"]

1. e4 c5 2. Nf3 Nc6 3. d4 cxd4 4. Nxd4 e5 5. Nb5 d6 6. N1c3 a6 7. Na3 Be7 8. Be2 f5 9. exf5 Bxf5 10. Nd5 Nf6 11. 0-0 0-0 12. Nc4 Nd4 13. Nxe7+ Qxe7 14. Bd3 Be6 15. c3 Nc6 16. Bg5 d5 17. Ne3 d4 18. cxd4 exd4 19. Nc4 Qc5 20. Bxf6 Rxf6 21. Rc1 Qg5 22. Nd6 Rh6 23. Qf3 Bd5 24. Qg3 Qxg3 25. hxg3 Rxd6 26. b3 Nb4 27. Bb1 Nc6 28. Rfe1 Bf7 29. Rcd1 Re8 30. Rxe8+ Bxe8 31. Kf1 Re6 32. Bd3 Re5 33. Be2 Bg6 34. a3 Kf8 35. b4 Bc2 36. Rd2 Ba4 37. Bf3 Bb5+ 38. Kg1 d3 39. Bd1 Re1+ 40. Kh2 Re2 0-1

[Event "ISL-chT 1011"]
[Site "Reykjavik"]
[Date "2010.10.09"]
[Round "2.3"]
[White "Jonasson, Benedikt"]
[Black "Rodriguez Fonseca, Jorge"]
[Result "1-0"]
[WhiteElo "2238"]
[BlackElo "2024"]
[PlyCount "73"]
[EventDate "2010.10.08"]
[EventType "team-tourn"]
[EventRounds "9"]
[EventCountry "ISL"]
[SourceTitle "EXT 2012"]
[Source "ChessBase"]
[SourceDate "2011.11.24"]
[SourceVersion "1"]
[SourceVersionDate "2011.11.24"]
[SourceQuality "1"]
[WhiteTeam "TR"]
[BlackTeam "Haukar"]
[WhiteTeamCountry "ISL"]
[BlackTeamCountry "ISL"]

1. e4 d5 2. exd5 Qxd5 3. Nc3 Qa5 4. b4 Qb6 5. Nf3 Bg4 6. Be2 e6 7. Rb1 c6 8. 0-0 Nf6 9. b5 Qc7 10. h3 Bh5 11. bxc6 bxc6 12. d4 Nbd7 13. Nd2 Bxe2 14. Qxe2 Rb8 15. Rxb8+ Qxb8 16. Qf3 Be7 17. Nb3 0-0 18. Na5 Qa8 19. Nxc6 Bd6 20. Nb5 Rc8 21. Ncxa7 Qxf3 22. gxf3 Ra8 23. c4 Bb8 24. Nc6 Rxa2 25. Ba3 Bf4 26. Ne7+ Kh8 27. Bd6 e5 28. c5 Rb2 29. Ra1 g5 30. dxe5 Nxe5 31. Nd4 h5 32. Re1 Nd3 33. Bxf4 gxf4 34. c6 Ne8 35. Ng6+ fxg6 36. Rxe8+ Kh7 37. c7 1-0

[Event "London Classic op"]
[Site "London"]
[Date "2009.12.14"]
[Round "8"]
[White "Rodriguez Fonseca, Jorge"]
[Black "Osborne, Marcus E"]
[Result "0-1"]
[WhiteElo "2032"]
[BlackElo "2232"]
[PlyCount "58"]
[EventDate "2009.12.08"]
[EventType "swiss"]
[EventRounds "9"]
[EventCountry "ENG"]
[SourceTitle "CBM 133 Extra"]
[Source "ChessBase"]
[SourceDate "2010.01.05"]
[SourceVersion "1"]
[SourceVersionDate "2010.01.05"]
[SourceQuality "1"]

1. e4 e6 2. b3 b6 3. Bb2 Bb7 4. Qe2 Nf6 5. Nc3 Bb4 6. 0-0-0 Bxc3 7. Bxc3 Bxe4 8. f4 a5 9. a4 Na6 10. Nf3 Nb4 11. d3 Na2+ 12. Kb2 Nxc3 13. Kxc3 Nd5+ 14. Kd2 Bxf3 15. Qxf3 Qf6 16. g3 Qc3+ 17. Kc1 b5 18. Qe4 Qa1+ 19. Kd2 Qxd1+ 20. Kxd1 Nc3+ 21. Kd2 Nxe4+ 22. dxe4 bxa4 23. bxa4 Rb8 24. c3 Rb2+ 25. Ke3 Rb1 26. Bg2 Rxh1 27. Bxh1 Ke7 28. e5 Rb8 29. Kd4 Rb2 0-1

[Event "London Classic op"]
[Site "London"]
[Date "2009.12.13"]
[Round "7"]
[White "Storey, Charles"]
[Black "Rodriguez Fonseca, Jorge"]
[Result "1/2-1/2"]
[WhiteElo "2292"]
[BlackElo "2032"]
[PlyCount "148"]
[EventDate "2009.12.08"]
[EventType "swiss"]
[EventRounds "9"]
[EventCountry "ENG"]
[SourceTitle "CBM 133 Extra"]
[Source "ChessBase"]
[SourceDate "2010.01.05"]
[SourceVersion "1"]
[SourceVersionDate "2010.01.05"]
[SourceQuality "1"]

1. e4 d5 2. exd5 Qxd5 3. Nc3 Qa5 4. Bc4 Nf6 5. d3 Bg4 6. f3 Bh5 7. Bd2 Qb6 8. g4 Bg6 9. h4 h6 10. Nh3 e6 11. Qe2 Nbd7 12. Nf4 Bh7 13. 0-0-0 0-0-0 14. g5 Ne8 15. g6 Bxg6 16. Nxg6 fxg6 17. Bxe6 Nd6 18. Qg2 Kb8 19. Bxd7 Rxd7 20. Qxg6 Nc8 21. Qxb6 Nxb6 22. Rhg1 Rf7 23. f4 Be7 24. h5 Nd7 25. Ne4 Nf6 26. Nxf6 Bxf6 27. Rde1 b6 28. c4 Rd8 29. Kc2 Rfd7 30. Bc3 Rxd3 31. Bxf6 Rd2+ 32. Kc1 gxf6 33. Rg8 Rd1+ 34. Rxd1 Rxg8 35. Rd5 Rg2 36. Rf5 Rh2 37. Rxf6 Rxh5 38. Kd2 Rh3 39. b4 Kc8 40. Rf7 h5 41. c5 bxc5 42. bxc5 Rh2+ 43. Kd3 Rxa2 44. Ke4 Kb7 45. Rh7 Rh2 46. f5 a5 47. f6 a4 48. Kd5 a3 49. c6+ Kb6 50. Rh8 Rd2+ 51. Ke6 Kxc6 52. Ra8 Re2+ 53. Kf5 Rf2+ 54. Kg6 Rf3 55. f7 Kb5 56. Rxa3 Rxa3 57. f8Q c5 58. Kxh5 Rd3 59. Kg4 Kc4 60. Kf4 Rd4+ 61. Ke3 Rd3+ 62. Ke2 Rd4 63. Qf3 Kb4 64. Qe3 Kc4 65. Qc1+ Kb4 66. Ke3 Kb5 67. Qa1 Kc6 68. Qa8+ Kb5 69. Qb7+ Kc4 70. Ke2 Kc3 71. Qb5 Re4+ 72. Kd1 Rc4 73. Ke2 Re4+ 74. Kf3 Rc4 1/2-1/2

[Event "London Classic op"]
[Site "London"]
[Date "2009.12.09"]
[Round "2"]
[White "Rodriguez Fonseca, Jorge"]
[Black "Healeas, Simon"]
[Result "1/2-1/2"]
[WhiteElo "2032"]
[BlackElo "1801"]
[PlyCount "80"]
[EventDate "2009.12.08"]
[EventType "swiss"]
[EventRounds "9"]
[EventCountry "ENG"]
[SourceTitle "CBM 133 Extra"]
[Source "ChessBase"]
[SourceDate "2010.01.05"]
[SourceVersion "1"]
[SourceVersionDate "2010.01.05"]
[SourceQuality "1"]

1. e4 c5 2. Nc3 Nc6 3. f4 g6 4. Nf3 Bg7 5. Bc4 e6 6. f5 d5 7. exd5 exd5 8. Qe2+ Qe7 9. Nxd5 Qxe2+ 10. Bxe2 Nb4 11. Nxb4 cxb4 12. fxg6 hxg6 13. 0-0 Bf5 14. Bb5+ Kf8 15. d3 Rc8 16. Re1 Be6 17. Ng5 Bd4+ 18. Kh1 Bd5 19. c4 bxc3 20. bxc3 Bxc3 21. Ba3+ Kg7 22. Rac1 Bxe1 23. Rxc8 Rh5 24. Bc1 Ne7 25. Rc7 Nf5 26. Bb2+ Kh6 27. Nxf7+ Bxf7 28. Rxf7 Ng3+ 29. Kg1 Rxb5 30. Bg7+ Kh7 31. hxg3 Bxg3 32. Bd4+ Kg8 33. Rf3 Rb1+ 34. Rf1 Rb4 35. Bxa7 Rb2 36. a3 Rd2 37. d4 Kg7 38. Bc5 Kh6 39. Bf8+ Kh5 40. Bc5 Kh6 1/2-1/2

[Event "ISL-chT 0910"]
[Site "Reykjavik"]
[Date "2009.09.26"]
[Round "3"]
[White "Hjartarson, Johann"]
[Black "Rodriguez Fonseca, Jorge"]
[Result "0-1"]
[WhiteElo "2596"]
[BlackElo "2018"]
[PlyCount "66"]
[EventDate "2009.09.25"]
[EventType "team-tourn"]
[EventRounds "7"]
[EventCountry "ISL"]
[SourceTitle "CBM 132 Extra"]
[Source "ChessBase"]
[SourceDate "2009.11.03"]
[SourceVersion "1"]
[SourceVersionDate "2009.11.03"]
[SourceQuality "1"]

1. e4 d5 2. exd5 Qxd5 3. Nc3 Qa5 4. g3 g6 5. Bg2 Bg7 6. Nge2 c6 7. 0-0 Nf6 8. d3 0-0 9. h3 Nbd7 10. Be3 Re8 11. Qd2 Nf8 12. f4 h5 13. a3 Qc7 14. Rae1 Bf5 15. Nd4 Rad8 16. Qf2 Bc8 17. Nf3 N6d7 18. Kh1 f5 19. Bd4 e5 20. fxe5 Ne6 21. Be3 Nxe5 22. Bxa7 Nxf3 23. Bxf3 c5 24. Nd5 Rxd5 25. Bxd5 b6 26. Bxb6 Qxb6 27. b4 Bd4 28. Qg2 cxb4 29. axb4 Qxb4 30. g4 hxg4 31. hxg4 Re7 32. Bxe6+ Bxe6 33. gxf5 Rh7+ 0-1

[Event "Reykjavik op"]
[Site "Reykjavik"]
[Date "2009.03.30"]
[Round "7"]
[White "Helgadottir, Sigridur Bjorg"]
[Black "Rodriguez Fonseca, Jorge"]
[Result "1/2-1/2"]
[WhiteElo "1646"]
[BlackElo "2052"]
[PlyCount "117"]
[EventDate "2009.03.24"]
[EventType "swiss"]
[EventRounds "9"]
[EventCountry "ISL"]
[SourceTitle "CBM 129 Extra"]
[Source "ChessBase"]
[SourceDate "2009.05.05"]
[SourceVersion "2"]
[SourceVersionDate "2009.05.20"]
[SourceQuality "1"]

1. c4 e5 2. Nc3 f5 3. d3 Bb4 4. e3 Nf6 5. g3 0-0 6. Nge2 d6 7. Bg2 c5 8. 0-0 Bxc3 9. Nxc3 Nc6 10. b3 Be6 11. Nd5 Rb8 12. Bb2 Ne7 13. Nxf6+ Rxf6 14. f4 Qc7 15. d4 exd4 16. exd4 Rf7 17. Re1 Bd7 18. Re3 b6 19. Qe2 Bc6 20. Bxc6 Nxc6 21. d5 Nd4 22. Qd3 b5 23. Bxd4 bxc4 24. Qxc4 cxd4 25. Qxc7 Rxc7 26. Rd3 Re8 27. Rd2 d3 28. Kf1 Rc5 29. Rad1 Rxd5 30. Rxd3 Rxd3 31. Rxd3 Rd8 32. Ke2 Kf7 33. Re3 h6 34. h4 Rd7 35. Kd3 Rc7 36. Kd4 Rc6 37. Rc3 Ra6 38. a4 Kf6 39. Kd5 Rb6 40. Re3 Kf7 41. Kc4 a6 42. b4 g5 43. hxg5 hxg5 44. b5 axb5+ 45. axb5 gxf4 46. gxf4 Rb8 47. Kb4 Kf6 48. Ka5 Ra8+ 49. Kb6 Ra4 50. Kc6 Rxf4 51. Rb3 Ke5 52. b6 Rc4+ 53. Kd7 Rh4 54. b7 Rh7+ 55. Kc6 Rxb7 56. Rxb7 f4 57. Rb4 f3 58. Rb3 Ke4 59. Rxf3 1/2-1/2

[Event "Reykjavik op"]
[Site "Reykjavik"]
[Date "2009.03.27"]
[Round "4"]
[White "Rodriguez Fonseca, Jorge"]
[Black "Cori, Jorge Moise"]
[Result "0-1"]
[WhiteElo "2052"]
[BlackElo "2370"]
[PlyCount "64"]
[EventDate "2009.03.24"]
[EventType "swiss"]
[EventRounds "9"]
[EventCountry "ISL"]
[SourceTitle "CBM 129 Extra"]
[Source "ChessBase"]
[SourceDate "2009.05.05"]
[SourceVersion "2"]
[SourceVersionDate "2009.05.20"]
[SourceQuality "1"]

1. e4 e6 2. d3 d5 3. Nd2 Nf6 4. Ngf3 b6 5. g3 Bb7 6. Qe2 c5 7. Bg2 Nc6 8. 0-0 Be7 9. Re1 Qc7 10. c3 0-0-0 11. a3 c4 12. dxc4 dxe4 13. Ng5 Ne5 14. Ngxe4 Nd3 15. Rd1 e5 16. b4 Kb8 17. a4 Nxe4 18. Bxe4 Bxe4 19. Qxe4 f5 20. Qg2 Qb7 21. Qxb7+ Kxb7 22. Nb3 e4 23. Be3 Bf6 24. Bd4 Nb2 25. Re1 Nxc4 26. Bxf6 gxf6 27. Nd4 Rd5 28. Re2 h5 29. h4 Rc8 30. Rc1 Ne5 31. Rcc2 Nd3 32. Kg2 Rxd4 0-1

[Event "Reykjavik TR-chB"]
[Site "Reykjavik"]
[Date "2008.11.14"]
[Round "9"]
[White "Kristinsson, Bjarni Jens"]
[Black "Rodriguez Fonseca, Jorge"]
[Result "0-1"]
[WhiteElo "1911"]
[BlackElo "2042"]
[PlyCount "80"]
[EventDate "2008.10.26"]
[EventType "tourn"]
[EventRounds "9"]
[EventCountry "ISL"]
[SourceTitle "EXT 2010"]
[Source "ChessBase"]
[SourceDate "2010.11.25"]
[SourceVersion "1"]
[SourceVersionDate "2010.11.25"]
[SourceQuality "1"]

1. e4 d5 2. exd5 Nf6 3. d4 Bg4 4. f3 Bf5 5. Bb5+ c6 6. dxc6 Qa5+ 7. Nc3 Nxc6 8. Bd2 0-0-0 9. Bxc6 bxc6 10. Nge2 e5 11. Ne4 Qc7 12. Nxf6 gxf6 13. c3 Bd6 14. Ng3 Bd3 15. Bh6 Ba6 16. Qa4 Bb5 17. Qc2 exd4 18. Qf5+ Kb8 19. 0-0-0 d3 20. Ne4 Be5 21. Nc5 Qa5 22. a4 Bxc3 23. Bd2 Bxd2+ 24. Rxd2 Rd5 25. Qf4+ Ka8 26. b4 Rxc5+ 27. Kb1 Qxa4 28. Ra2 Qb3+ 29. Rb2 Qc4 30. Qxf6 Qc3 31. Qe7 Rd5 32. Rc1 Qd4 33. Qc7 Qb6 34. Qxf7 d2 35. Rd1 Rhd8 36. Qf4 Qa6 37. Rbxd2 Bd3+ 38. Kb2 Rd4 39. Qf7 Rxb4+ 40. Kc3 Qa3+ 0-1

[Event "Reykjavik TR-chB"]
[Site "Reykjavik"]
[Date "2008.11.05"]
[Round "5"]
[White "Benediktsson, Frimann"]
[Black "Rodriguez Fonseca, Jorge"]
[Result "1-0"]
[WhiteElo "1966"]
[BlackElo "2042"]
[PlyCount "105"]
[EventDate "2008.10.26"]
[EventType "tourn"]
[EventRounds "9"]
[EventCountry "ISL"]
[SourceTitle "EXT 2010"]
[Source "ChessBase"]
[SourceDate "2010.11.25"]
[SourceVersion "1"]
[SourceVersionDate "2010.11.25"]
[SourceQuality "1"]

1. d4 f5 2. Nf3 Nf6 3. c4 e6 4. Nc3 d5 5. Bf4 c6 6. e3 Be7 7. Bd3 0-0 8. 0-0 Ne4 9. Nd2 Bf6 10. f3 Nxc3 11. bxc3 Qe7 12. Bxb8 Rxb8 13. f4 c5 14. Qb3 Qd6 15. a4 Bd7 16. Rfd1 g5 17. fxg5 Bxg5 18. Re1 Bc6 19. Nf3 Bf6 20. Rf1 Kh8 21. Ra2 Rg8 22. Raf2 Qd7 23. cxd5 exd5 24. Qb1 Qe6 25. Re1 Bd7 26. Bb5 c4 27. Rb2 Rg4 28. Bxd7 Qxd7 29. h3 Re4 30. Rb5 Re7 31. Qb4 f4 32. exf4 Rxe1+ 33. Nxe1 Qe6 34. Nf3 Qe3+ 35. Kf1 Re8 36. Qd6 Bg7 37. Rxb7 Qe4 38. Rb8 Qe2+ 39. Kg1 Qe3+ 40. Kh2 h6 41. Rxe8+ Qxe8 42. f5 Qf7 43. g4 h5 44. Ne5 Qb7 45. Ng6+ Kh7 46. Nf4 h4 47. Qg6+ Kh8 48. f6 Bf8 49. f7 Qb2+ 50. Kg1 Qc1+ 51. Kg2 Qd2+ 52. Kf3 Qxc3+ 53. Ke2 1-0

[Event "Reykjavik TR-chB"]
[Site "Reykjavik"]
[Date "2008.11.02"]
[Round "4"]
[White "Rodriguez Fonseca, Jorge"]
[Black "Brynjarsson, Helgi"]
[Result "1-0"]
[WhiteElo "2042"]
[BlackElo "1920"]
[PlyCount "91"]
[EventDate "2008.10.26"]
[EventType "tourn"]
[EventRounds "9"]
[EventCountry "ISL"]
[SourceTitle "EXT 2010"]
[Source "ChessBase"]
[SourceDate "2010.11.25"]
[SourceVersion "1"]
[SourceVersionDate "2010.11.25"]
[SourceQuality "1"]

1. e4 e5 2. Nf3 Nc6 3. Nc3 Nf6 4. d4 exd4 5. Nxd4 Bb4 6. Nxc6 Bxc3+ 7. bxc3 bxc6 8. Bd3 Qe7 9. 0-0 Qe5 10. Rb1 d6 11. Qf3 Qh5 12. Qxh5 Nxh5 13. Be3 0-0 14. c4 Re8 15. c5 Nf6 16. f3 d5 17. Bd4 dxe4 18. fxe4 Nxe4 19. Rbe1 f5 20. g4 g6 21. Rf4 Nf6 22. Rxe8+ Nxe8 23. Bc4+ Kf8 24. Rf3 Bd7 25. Rh3 h5 26. gxh5 gxh5 27. Rxh5 Ke7 28. Rh7+ Kd8 29. Be3 a6 30. Bg5+ Kc8 31. Re7 a5 32. Be6 Bxe6 33. Rxe8+ Kb7 34. Rxe6 a4 35. Re1 Ka6 36. c4 Rb8 37. Bf6 Rf8 38. Bc3 Rg8+ 39. Kf2 Rg4 40. Bb4 Rxc4 41. a3 Kb5 42. Re7 Rc2+ 43. Kg3 f4+ 44. Kh3 f3 45. Rf7 f2 46. Kg3 1-0

[Event "Reykjavik TR-chB"]
[Site "Reykjavik"]
[Date "2008.10.31"]
[Round "3"]
[White "Eliasson, Kristjan Orn"]
[Black "Rodriguez Fonseca, Jorge"]
[Result "1/2-1/2"]
[WhiteElo "1961"]
[BlackElo "2042"]
[PlyCount "165"]
[EventDate "2008.10.26"]
[EventType "tourn"]
[EventRounds "9"]
[EventCountry "ISL"]
[SourceTitle "EXT 2010"]
[Source "ChessBase"]
[SourceDate "2010.11.25"]
[SourceVersion "1"]
[SourceVersionDate "2010.11.25"]
[SourceQuality "1"]

1. e4 d5 2. exd5 Qxd5 3. Nc3 Qa5 4. d4 Nf6 5. Bd2 Qb6 6. Bc4 Qxd4 7. Qe2 Bg4 8. f3 Bf5 9. 0-0-0 c6 10. Ne4 Bxe4 11. Ba5 Bd3 12. Rxd3 Qf4+ 13. Bd2 Qf5 14. g4 Qc5 15. Nh3 Nd5 16. Bb3 h6 17. Rd1 e6 18. Bxd5 cxd5 19. Rc3 Qb6 20. Rc8+ Kd7 21. Rc3 Nc6 22. Be1 Bd6 23. Kb1 Rac8 24. Rb3 Qa6 25. Qg2 Kc7 26. f4 Kb8 27. a3 Na5 28. Rbd3 Rc6 29. f5 Nc4 30. Bg3 Bxg3 31. Qxg3+ Ka8 32. fxe6 fxe6 33. Nf4 Rhc8 34. Rb3 Nd6 35. Nd3 Ne4 36. Qe3 Rc4 37. Nb4 Qd6 38. Rc1 Qxh2 39. Rd3 a5 40. Qb6 Qc7 41. Qxc7 R8xc7 42. Na2 g5 43. b3 R4c6 44. Kb2 Rf7 45. Rh3 Rf6 46. b4 a4 47. Nc3 Nxc3 48. Rxc3 Rxc3 49. Kxc3 e5 50. Rh1 b5 51. Rd1 Rd6 52. Kd3 Kb7 53. Rf1 Kc6 54. Rf8 Kc7 55. Re8 e4+ 56. Kd4 Kd7 57. Rb8 Kc7 58. Rxb5 Kc6 59. Ra5 Kb6 60. Rxa4 Re6 61. Ke3 d4+ 62. Ke2 Rc6 63. Kd1 Kb5 64. Ra5+ Kc4 65. Re5 e3 66. Ke2 Kc3 67. b5 Rf6 68. Rc5+ Kb2 69. Ke1 Rf2 70. Rd5 Rxc2 71. Rxd4 Kc3 72. Rd6 Ra2 73. b6 Rxa3 74. Ke2 Kc4 75. Rxh6 Kd4 76. Rd6+ Ke4 77. Rf6 Ra2+ 78. Ke1 Rb2 79. Kd1 Kd3 80. Rd6+ Ke4 81. Rf6 Kd4 82. Ke1 Ke4 83. Kd1 1/2-1/2

[Event "Reykjavik Hellir"]
[Site "Reykjavik"]
[Date "2007.06.27"]
[Round "9"]
[White "Rodriguez Fonseca, Jorge"]
[Black "Salama, Omar"]
[Result "0-1"]
[WhiteElo "2085"]
[BlackElo "2194"]
[PlyCount "44"]
[EventDate "2007.06.20"]
[EventType "tourn"]
[EventRounds "9"]
[EventCountry "ISL"]
[EventCategory "1"]
[SourceTitle "EXT 2019"]
[Source "ChessBase"]
[SourceDate "2018.10.10"]
[SourceVersion "1"]
[SourceVersionDate "2018.10.10"]
[SourceQuality "1"]

1. e4 c5 2. Bc4 e6 3. Qe2 Nc6 4. c3 Be7 5. d3 d5 6. Bb3 Nf6 7. Nf3 0-0 8. e5 Nd7 9. 0-0 b5 10. Nbd2 a5 11. a3 Ba6 12. Re1 b4 13. axb4 axb4 14. Nf1 Qb6 15. c4 dxc4 16. dxc4 Bxc4 17. Qxc4 Rxa1 18. Qe4 Nd4 19. Nxd4 cxd4 20. Nd2 Nc5 21. Qxd4 Rd8 22. Qe3 Rd3 0-1

[Event "Reykjavik Hellir"]
[Site "Reykjavik"]
[Date "2007.06.26"]
[Round "8"]
[White "Gretarsson, Hjorvar Steinn"]
[Black "Rodriguez Fonseca, Jorge"]
[Result "1-0"]
[WhiteElo "2156"]
[BlackElo "2085"]
[PlyCount "85"]
[EventDate "2007.06.20"]
[EventType "tourn"]
[EventRounds "9"]
[EventCountry "ISL"]
[EventCategory "1"]
[SourceTitle "EXT 2019"]
[Source "ChessBase"]
[SourceDate "2018.10.10"]
[SourceVersion "1"]
[SourceVersionDate "2018.10.10"]
[SourceQuality "1"]

1. e4 Nc6 2. c4 e5 3. Nc3 g6 4. g3 Bg7 5. Bg2 Nd4 6. Nge2 Nxe2 7. Qxe2 c5 8. d3 Ne7 9. 0-0 0-0 10. Be3 d6 11. f4 Nc6 12. f5 Nd4 13. Bxd4 cxd4 14. Nd5 f6 15. Bh3 Bd7 16. fxg6 hxg6 17. Bxd7 Qxd7 18. Kg2 Rf7 19. Rf2 Raf8 20. Raf1 Qe6 21. h4 f5 22. h5 fxe4 23. Rxf7 Rxf7 24. Rxf7 Kxf7 25. dxe4 gxh5 26. Qxh5+ Qg6 27. Qxg6+ Kxg6 28. Ne7+ Kf6 29. Nc8 Ke6 30. Nxa7 Bh6 31. Nb5 Kd7 32. Kf2 Bc1 33. Ke2 Kc6 34. b4 Kd7 35. Kd3 Be3 36. a4 Bf2 37. g4 Be1 38. c5 Bxb4 39. Nxd6 b6 40. g5 Ke6 41. g6 Kf6 42. Ne8+ Kxg6 43. c6 1-0

[Event "Reykjavik Hellir"]
[Site "Reykjavik"]
[Date "2007.06.24"]
[Round "6"]
[White "Thorfinnsson, Bjorn"]
[Black "Rodriguez Fonseca, Jorge"]
[Result "1-0"]
[WhiteElo "2348"]
[BlackElo "2085"]
[PlyCount "55"]
[EventDate "2007.06.20"]
[EventType "tourn"]
[EventRounds "9"]
[EventCountry "ISL"]
[EventCategory "1"]
[SourceTitle "EXT 2019"]
[Source "ChessBase"]
[SourceDate "2018.10.10"]
[SourceVersion "1"]
[SourceVersionDate "2018.10.10"]
[SourceQuality "1"]

1. d4 f5 2. Nc3 Nf6 3. Bg5 d5 4. f3 e6 5. Nh3 h6 6. Bf4 Nh5 7. Be5 Nd7 8. Qd3 Nxe5 9. dxe5 Qh4+ 10. g3 Nxg3 11. hxg3 Qxg3+ 12. Nf2 Qxe5 13. 0-0-0 Bd7 14. e3 Bc5 15. Re1 g5 16. Qd2 Qf6 17. Nd3 Bb6 18. a4 a6 19. Qh2 0-0-0 20. Qe5 Qf7 21. b4 c6 22. f4 g4 23. a5 Ba7 24. Nc5 Bb8 25. Qd4 Qe7 26. N3a4 Bc7 27. Nxa6 bxa6 28. Qa7 1-0

[Event "Reykjavik Hellir"]
[Site "Reykjavik"]
[Date "2007.06.23"]
[Round "5"]
[White "Sarwat, Walaa"]
[Black "Rodriguez Fonseca, Jorge"]
[Result "1-0"]
[WhiteElo "2397"]
[BlackElo "2085"]
[PlyCount "49"]
[EventDate "2007.06.20"]
[EventType "tourn"]
[EventRounds "9"]
[EventCountry "ISL"]
[EventCategory "1"]
[SourceTitle "EXT 2019"]
[Source "ChessBase"]
[SourceDate "2018.10.10"]
[SourceVersion "1"]
[SourceVersionDate "2018.10.10"]
[SourceQuality "1"]

1. e4 d5 2. exd5 Nf6 3. Bb5+ Bd7 4. Be2 Nxd5 5. d4 Bf5 6. Nf3 e6 7. 0-0 Be7 8. c4 Nb6 9. Qb3 0-0 10. c5 Nd5 11. Qxb7 Nd7 12. Na3 Rb8 13. Qxa7 e5 14. Nxe5 Nxe5 15. dxe5 Ra8 16. Qb7 Bxc5 17. Bf3 Nb6 18. Nb5 Bd3 19. Rd1 Qh4 20. g3 Qc4 21. Nxc7 Rab8 22. Qc6 Bc2 23. Rd2 Na4 24. Bd5 Qb4 25. Rxc2 1-0

[Event "Leuven op 16th"]
[Site "Leuven"]
[Date "2004.11.11"]
[Round "1"]
[White "Hovhannisyan, Mher"]
[Black "Rodriguez Fonseca, Jorge"]
[Result "1-0"]
[WhiteElo "2324"]
[BlackElo "2085"]
[PlyCount "55"]
[EventDate "2004.11.11"]
[EventType "swiss"]
[EventRounds "7"]
[EventCountry "BEL"]
[SourceTitle "EXT 2005"]
[Source "ChessBase"]
[SourceDate "2004.11.15"]
[SourceVersion "1"]
[SourceVersionDate "2004.11.15"]
[SourceQuality "1"]

1. e4 d5 2. exd5 Nf6 3. d4 Bg4 4. Be2 Bxe2 5. Nxe2 Qxd5 6. 0-0 e6 7. Bf4 c6 8. Nd2 Nbd7 9. c4 Qf5 10. Qb3 b6 11. Qa4 Be7 12. Qxc6 0-0 13. Rac1 e5 14. dxe5 Nxe5 15. Qb5 Bc5 16. b4 a6 17. Qa4 Nd3 18. bxc5 Nxf4 19. Nxf4 Qxf4 20. cxb6 Qxd2 21. c5 Rae8 22. b7 Ne4 23. b8Q Rxb8 24. Qxe4 Qxa2 25. c6 Qa5 26. c7 Rbc8 27. Qe7 Rfe8 28. Qxe8+ 1-0